Targeting Precision/ (Record no. 174627)

MARC details
000 -LEADER
fixed length control field 00541nam a22001817a 4500
005 - DATE AND TIME OF LATEST TRANSACTION
control field 20200626105003.0
010 ## - LCCN (DPL NO)
LC control number ENG-128243
020 ## - INTERNATIONAL STANDARD BOOK NUMBER
Terms of availability 300.00
International Standard Book Number 9789382318023
035 ## - SYSTEM CONTROL NUMBER
System control number EN-111775
037 ## - SOURCE OF ACQUISITION
Source of stock number/acquisition DBAD/PUB
082 ## - DEWEY DECIMAL CLASSIFICATION NUMBER
Classification number 488
100 ## - MAIN ENTRY--PERSONAL NAME
Personal name Sharma,Sneh Lata
245 ## - TITLE STATEMENT
Title Targeting Precision/
Statement of responsibility, etc by Sneh Lata Sharma
Remainder of title a compendium of English usage:
260 ## - PUBLICATION, DISTRIBUTION, ETC. (IMPRINT)
Place of publication, distribution, etc New Delhi
Name of publisher, distributor, etc Suryaprabha
Date of publication, distribution, etc 2014
270 ## - ADDRESS
Address 2/9,Ansari Road, Darya Ganj
City New Delhi
Postal code 110086
300 ## - PHYSICAL DESCRIPTION
Extent 160p.
Dimensions 23cm(pbk)
942 ## - ADDED ENTRY ELEMENTS (KOHA)
Source of classification or shelving scheme Dewey Decimal Classification
Item type English Books
Classification part 488
Call number suffix SHA
Holdings
Withdrawn status Lost status Not for loan Collection code Home library Current library Date acquired Source of acquisition Cost, normal purchase price Full call number Barcode Copy number Cost, replacement price Koha item type
      Non-fiction Central Library Central Library 26/06/2020 DBAD/PUB 300.00 488 SHA EN-111775 1 300.00 English Books

© Delhi Public Library
Hit Counter
free hit counter